Statistics for Top 16 Countries by GDP in 2024

Click here to take the quiz!

General Stats

  • This quiz has been taken 43 times
  • The average score is 12 of 16

Answers on the Map

Answers color-coded by a green-red scale on the quiz's map according to % correct below.
 

Answer Stats

Answer% Correct
United States
98%
China
95%
Germany
88%
India
80%
Brazil
78%
France
78%
Japan
78%
United Kingdom
78%
Italy
76%
Russia
76%
Canada
73%
Australia
71%
Mexico
71%
South Korea
71%
Spain
66%
Indonesia
63%

Score Distribution

Percentile by Number Answered

Percent of People with Each Score

Your Score History

You have not taken this quiz